A montanha mágica (Record no. 117711)

MARC details
000 -LÍDER
campo de controle de tamanho fixo 00966 a2200265 4500
001 - NÚMERO DE CONTROLE
campo de controle 117711
020 ## - ISBN - INTERNATIONAL STANDARD BOOK NUMBER
ISBN - International Standard Book Number 9788538061137
020 ## - ISBN - INTERNATIONAL STANDARD BOOK NUMBER
Informação qualificadora (broch.)
041 ## - CÓDIGO DE IDIOMA
Código do idioma do texto/trilha sonora ou título diferente por
082 ## - CDD - CLASSIFICAÇÃO DECIMAL DE DEWEY
Número de Classificação [Fic]
040 ## - FONTE DA CATALOGAÇÃO
Instituição da catalogação original BR-BrIDEA
Instituição que transcreveu o registro BR-BrIDEA
090 ## - NÚMERO DE CHAMADA LOCAL
Número de chamada (OCLC) (R); Número de chamada, CALL (RLIN) (NR) A Year 4 [Fic]
Número Cutter local (OCLC); Número de classificação do livro, CALL (RLIN) BAN
100 ## - ENTRADA PRINCIPAL--NOME PESSOAL
Nome pessoal Banks, Rosie
240 10 - TÍTULO UNIFORME
Título uniforme Magic mountain
245 10 - TÍTULO
Título A montanha mágica
Indicação de responsabilidade, etc. Rosie Banks ; tradução de Monique D'Orazio ; ilustração de Orchard Books
260 ## - PUBLICAÇÃO, DISTRIBUIÇÃO, ETC.
Local de publicação, distribuição, etc. Barueri, SP
Nome do editor, distribuidor, etc. Ciranda Cultural
Data da publicação, distribuição, etc. 2017
300 ## - DESCRIÇÃO FÍSICA
Extensão 128 p.
Outros detalhes físicos il.
Material de acompanhamento 20 cm.
490 ## - TÍTULO DA SÉRIE
Título da série O reino secreto
520 ## - NOTA DE RESUMO, ETC
Resumo, etc. As amigas Ellie, Summer e Jasmine vão para a gelada Montanha Mágica e precisam ajudar os duendes da neve a se livrarem do quinto relâmpago da terrível rainha Malícia, antes que todos os duendes congelem!
521 ## - NOTA DO PÚBLICO ALVO
Nota de público alvo Year 4
697 ## - ENTRADA DE ASSUNTO LOCAL--ENTIDADE COLETIVA (RLIN)
Nome corporativo ou nome da jurisdição Literatura infantojuvenil - ficção
700 ## - ENTRADA ADICIONADA - NOME PESSOAL
Nome pessoal D'Orazio, Monique
Função do autor por extenso tradutor
Nome pessoal Orchard Books
Função do autor por extenso ilustrador
856 ## - LOCALIZAÇÃO ELETRÔNICA E ACESSO
Uniform Resource Identifier <a href="00002c/00002cb2.jpg">00002c/00002cb2.jpg</a>
942 ## - ELEMENTOS DE ENTRADA ADICIONADOS (KOHA)
Tipo de material Koha Livros
Holdings
Situação do descarte Situação das perdas Fonte da classificação ou esquema de arquivamento na estante Situação física Não pode ser emprestado Biblioteca de origem Biblioteca atual Data de aquisição Total de empréstimos Número de chamada completo Código de barras Data de último acesso Data do último empréstimo Data do preço efetivo Tipo de material Koha
    Classificação Decimal de Dewey     ECB - ÁGUAS CLARAS ECB - ÁGUAS CLARAS 09/11/2021 1 A Year 4 [Fic] BAN 00055467AGC 28/08/2024 12/08/2024 23/01/2024 Livros
    Classificação Decimal de Dewey     ECB - ÁGUAS CLARAS ECB - ÁGUAS CLARAS 09/11/2021 1 A Year 4 [Fic] BAN 00055468AGC 01/10/2024 12/08/2024 23/01/2024 Livros
    Classificação Decimal de Dewey     ECB - ÁGUAS CLARAS ECB - ÁGUAS CLARAS 31/01/2023   A Year 3 [Fic] BAN 00059768AGC 23/01/2024   23/01/2024 Livros
    Classificação Decimal de Dewey     ECB - ÁGUAS CLARAS ECB - ÁGUAS CLARAS 07/04/2022   A Year 3 [Fic] BAN 00058040AGC 23/01/2024   23/01/2024 Livros
    Classificação Decimal de Dewey     ECB - ÁGUAS CLARAS ECB - ÁGUAS CLARAS 07/04/2022   A Year 3 [Fic] BAN 00058041AGC 23/01/2024   23/01/2024 Livros